00597nam a2200217Ia 450000500170000000800460001703700100006304000080007304000080008104000080008904100080009704100080010508400080011310000260012124500380014726000090018585600630019494200100025799900210026795200910028820260320201647.0008 262003s9999 xx 000 0 eng d aEBOOK aCRL beng cCRL 2eng aeng qCRL aMadarshahian91135590 0aData Science in Engineering, 2022 bIEEE uhttps://ieeexplore.ieee.org/servlet/opac?bknumber=11054344 cEBOOK c1722764d1722764 00104070aCRLbCRLd2026-03-20l0pCL2126858r2026-03-20 20:16:47w2026-03-20yEBOOK